000 02184nam a2200301 a 4500
003 DO-SdBNP
005 20250806125120.0
008 150714s2011 mx ab 000 0 spa d
020 _a9789945074291
040 _aDO-SdBNP
_bspa
_cBPMSU
082 _a305.5633
_bS194g 2011
_222
100 1 _aSan Miguel, Pedro L.
245 1 3 _aLa guerra silenciosa :
_blas luchas sociales en la ruralía dominicana /
_cPedro L. San Miguel.
260 _aSanto Domingo :
_bArchivo General de la Nación,
_c2011
300 _a307 p. ;
_c23 cm.
490 0 _aArchivo General de la Nación,
_v135
500 _aIncluye referencias bibliográficas y notas al pie de las páginas.
500 _aIncluye índice
504 _aBibliografía : p. 265-289
505 0 _aIntrodución : Para narrar la historia de la "clase incómoda" --
_t¿Una historia sin campesinos? --
_tSobre el "otro interno" --
_tUn campesinado levantisco --
_tCaudillos y campesinos --
_tUna "clase incómoda" --
_tHistorias de gringos, caudillos y guerrillas --
_tMilenarismo y utopía campesina --
_tLa memoria de la ira : la guerra gavillera --
_tLa domesticación de la "bestia calibanesca" --
_tLa ofensiva del mercado --
_tLa ofensiva estatal --
_tSobre esa larga tiranía que se menciona en el proemio --
_tUn poder que castiga y que hace milagros --
_tUn poder que castiga y que hace milagros --
_tDictadura y luchas informales --
_tCrónica de una "reforma agraria al revés" --
_tReforma a "cuentagotas" --
_tLa "reforma agraria al revés" --
_tCrónica de unas leyes anunciadas --
_tLa primavera del descontento --
_tLos campesinos y el "gran diseño" --
_tEsta es una lucha larga" --
_tEl derecho a la subsistencia" --
_tCabildos abiertos" rurales --
_tNo queremos más cuentos" --
_t¿Reforma la reforma? --
_tCampesinos y procesos políticos o la paradoja de la democracia dominicana --
590 _6Inventariado, 2022/VM
650 4 _aMovimientos sociales
_zRepública Dominicana
650 4 _aMovimientos campesinos
_zRepública Dominicana
_ySiglo XIX
650 4 _aPolítica agraria
_zRepública Dominicana
_xHistoria
710 2 _aArchivo General de la Nación (República Dominicana)
910 _aVMateo V.
942 _2ddc
_cBK
999 _c13960
_d13960